Counselling in the school / (Record no. 3008)

MARC details
000 -LEADER
fixed length control field 00594cam a22002052 4500
001 - CONTROL NUMBER
control field 0000005939
005 - DATE AND TIME OF LATEST TRANSACTION
control field 20151217145827.0
008 - FIXED-LENGTH DATA ELEMENTS--GENERAL INFORMATION
fixed length control field 070810s xx 000 0 eng d
020 ## - INTERNATIONAL STANDARD BOOK NUMBER
International Standard Book Number 9966471634 :
Terms of availability KES 450
040 ## - CATALOGING SOURCE
Original cataloging agency KABU
Transcribing agency KABU
050 #0 - LIBRARY OF CONGRESS CALL NUMBER
Classification number LB1027.5
Item number .W36
100 1# - MAIN ENTRY--PERSONAL NAME
Personal name Wango, Geoffrey M.
-- 0000157259
245 10 - TITLE STATEMENT
Title Counselling in the school /
Statement of responsibility, etc. Geoffrey M. Wango, Elijah K. Mungai.
260 ## - PUBLICATION, DISTRIBUTION, ETC. (IMPRINT)
Place of publication, distribution, etc. Nairobi :
Name of publisher, distributor, etc. Phoenix,
Date of publication, distribution, etc. 2007.
300 ## - PHYSICAL DESCRIPTION
Extent xvi, 212 p.
650 #0 - SUBJECT ADDED ENTRY--TOPICAL TERM
Topical term or geographic name as entry element Educational counselling.
-- 0000157260
700 1# - ADDED ENTRY--PERSONAL NAME
Personal name Mungai, Elijah K.
-- 0000157261
908 ## - PUT COMMAND PARAMETER (RLIN)
Put command parameter 070810
950 ## - LOCAL HOLDINGS (RLIN)
-- 1
Holdings
Withdrawn status Lost status Source of classification or shelving scheme Damaged status Not for loan Home library Current library Date acquired Total Checkouts Full call number Barcode Date last seen Date last checked out Price effective from Koha item type Total Renewals
  Lost and Paid For Library of Congress Classification     Kabarak, Main Campus Kabarak, Main Campus 17/12/2015 4 LB1027.5 .W36 008785 24/04/2017 21/04/2017 17/12/2015 General Collection  
    Library of Congress Classification     Kabarak, Main Campus Kabarak, Main Campus 17/12/2015 14 LB1027.5 .W36 24223 15/08/2022 08/07/2022 17/12/2015 General Collection 2
    Library of Congress Classification     Kabarak, Main Campus Kabarak, Main Campus 17/12/2015 2 LB1027.5 .W36 003837 24/07/2019 04/07/2019 17/12/2015 Africana Collection  
Designed with assistance from East African Informatics Ltd